[Event "SVK-chT4 A21 2223"]
[Site "Slovakia"]
[Date "2022.10.09"]
[Round "1.2"]
[White "Jakubec, Milan"]
[Black "Kurinec, Jozef"]
[Result "0-1"]
[WhiteElo "1967"]
[BlackElo "1865"]
[PlyCount "70"]
[EventDate "2022.10.09"]
[EventType "team-tourn"]
[EventRounds "11"]
[EventCountry "SVK"]
[SourceTitle "EXT 2024"]
[Source "ChessBase"]
[SourceDate "2023.10.10"]
[SourceVersion "1"]
[SourceVersionDate "2023.10.10"]
[SourceQuality "1"]
[WhiteTeam "Myjava Spartak"]
[BlackTeam "Smolenice"]
[WhiteTeamCountry "SVK"]
[BlackTeamCountry "SVK"]

1. e4 c5 2. Nf3 Nc6 3. d4 cxd4 4. Nxd4 d6 5. c4 e6 6. Nc3 a6 7. Be2 Nf6 8. 0-0 Be7 9. Be3 Bd7 10. Qd2 Qc7 11. Rac1 Ne5 12. f3 0-0 13. b3 Rfd8 14. g4 Be8 15. g5 Nfd7 16. f4 Nc6 17. Nd5 exd5 18. cxd5 Nc5 19. dxc6 Nxe4 20. Qc2 d5 21. Bf3 bxc6 22. Bxe4 dxe4 23. Qxe4 c5 24. Nf5 Bf8 25. Rfd1 Rxd1+ 26. Rxd1 Bc6 27. Qc2 Bf3 28. Rc1 Re8 29. Qf2 Qb7 30. Nh4 Bh5 31. Bxc5 Re2 32. Qd4 Qc8 33. f5 Re1+ 34. Kf2 Rxc1 35. Bxf8 Kxf8 0-1

[Event "SVK-chT5 SE-SI 1819"]
[Site "Slovakia"]
[Date "2019.03.09"]
[Round "9.1"]
[White "Jakubec, Milan"]
[Black "Holiencin, Filip"]
[Result "1-0"]
[WhiteElo "1992"]
[BlackElo "1717"]
[PlyCount "55"]
[EventDate "2018.10.20"]
[EventType "team-tourn"]
[EventRounds "10"]
[EventCountry "SVK"]
[SourceTitle "EXT 2020"]
[Source "ChessBase"]
[SourceDate "2019.10.17"]
[SourceVersion "1"]
[SourceVersionDate "2019.10.17"]
[SourceQuality "1"]
[WhiteTeam "Myjava Spartak"]
[BlackTeam "Holic III"]
[WhiteTeamCountry "SVK"]
[BlackTeamCountry "SVK"]

1. e4 d6 2. d4 Nf6 3. Nc3 g6 4. Nf3 Bg7 5. Bf4 0-0 6. Be2 b6 7. e5 Ne8 8. Qd2 Bb7 9. 0-0-0 d5 10. Bh6 e6 11. h4 f6 12. g4 Qe7 13. h5 Bxh6 14. Qxh6 Qg7 15. hxg6 hxg6 16. Qe3 Kf7 17. exf6 Qxf6 18. Rh7+ Ng7 19. g5 Qd8 20. Ne5+ Kg8 21. Rdh1 Nh5 22. Rh6 Rf5 23. Rxg6+ Ng7 24. Bg4 Nd7 25. Bxf5 exf5 26. Qh3 Nxe5 27. Qh8+ Kf7 28. Qxg7+ 1-0

[Event "SVK-chT4 A21 1819"]
[Site "Slovakia"]
[Date "2019.02.17"]
[Round "9.1"]
[White "Slaba, Andrea"]
[Black "Jakubec, Milan"]
[Result "1/2-1/2"]
[WhiteElo "1882"]
[BlackElo "2007"]
[PlyCount "120"]
[EventDate "2018.10.14"]
[EventType "team-tourn"]
[EventRounds "11"]
[EventCountry "SVK"]
[SourceTitle "CBM 189 Extra"]
[Source "ChessBase"]
[SourceDate "2019.05.31"]
[SourceVersion "1"]
[SourceVersionDate "2019.05.31"]
[SourceQuality "1"]
[WhiteTeam "Chtelnica Kamenar"]
[BlackTeam "Vrbove II"]
[WhiteTeamCountry "SVK"]
[BlackTeamCountry "SVK"]

1. d4 d5 2. Nf3 Nf6 3. g3 e6 4. Bg2 Bd6 5. 0-0 Nbd7 6. Nbd2 c6 7. c4 0-0 8. Qc2 Re8 9. Rd1 Qe7 10. e4 dxe4 11. Nxe4 Nxe4 12. Qxe4 e5 13. dxe5 Nxe5 14. Nxe5 Bxe5 15. Bf4 Bf6 16. Qxe7 Bxe7 17. Re1 Be6 18. b3 Bb4 19. Re3 Bf5 20. Rd1 Red8 21. Rxd8+ Rxd8 22. Bf3 h6 23. Re5 Bb1 24. a3 f6 25. Re2 Bxa3 26. Re1 Bg6 27. Ra1 Bc5 28. b4 Bxb4 29. Rxa7 Rd7 30. Kg2 Re7 31. Be3 Bd3 32. c5 Kf7 33. Ra4 Rxe3 34. fxe3 Bxc5 35. Kf2 f5 36. Ra5 Bb6 37. Ra8 Ke7 38. Rb8 Bc7 39. Rxb7 Kd6 40. Rb3 Bb5 41. Rb1 Kc5 42. Rc1+ Kd6 43. Be2 Ba4 44. Bd3 g6 45. h4 c5 46. h5 g5 47. Bxf5 Bb5 48. e4 c4 49. Kf3 Kc5 50. g4 Bf4 51. Rd1 c3 52. e5 Ba4 53. Rd6 c2 54. Bxc2 Bxc2 55. Rxh6 Bxe5 56. Ra6 Kd4 57. h6 Be4+ 58. Kf2 Kd5 59. Ke2 Bd4 60. Ra4 Ke5 1/2-1/2

[Event "SVK-chT4 A21 1819"]
[Site "Slovakia"]
[Date "2019.02.03"]
[Round "8.1"]
[White "Jakubec, Milan"]
[Black "Musaev, Urmat"]
[Result "1-0"]
[WhiteElo "2007"]
[BlackElo "1840"]
[PlyCount "49"]
[EventDate "2018.10.14"]
[EventType "team-tourn"]
[EventRounds "11"]
[EventCountry "SVK"]
[SourceTitle "CBM 189 Extra"]
[Source "ChessBase"]
[SourceDate "2019.05.31"]
[SourceVersion "1"]
[SourceVersionDate "2019.05.31"]
[SourceQuality "1"]
[WhiteTeam "Vrbove II"]
[BlackTeam "Piestany Kupele II"]
[WhiteTeamCountry "SVK"]
[BlackTeamCountry "SVK"]

1. e4 c5 2. Nf3 d6 3. d4 cxd4 4. Nxd4 Nf6 5. f3 a6 6. c4 g6 7. Be3 Bg7 8. Nc3 Nc6 9. Qd2 0-0 10. Be2 Qc7 11. 0-0 Bd7 12. Rac1 e6 13. Rfd1 Ne8 14. Nd5 Qd8 15. Nxc6 Bxc6 16. Nb6 Rb8 17. c5 Qf6 18. cxd6 Qxb2 19. Rc2 Qe5 20. d7 Nf6 21. Bf4 Qh5 22. Bxb8 Bh6 23. Bf4 g5 24. d8Q gxf4 25. Qxf6 1-0

[Event "SVK-chT3A2 1819"]
[Site "Slovakia"]
[Date "2019.01.27"]
[Round "7.5"]
[White "Jakubec, Milan"]
[Black "Bugar, Peter"]
[Result "1/2-1/2"]
[WhiteElo "2021"]
[BlackElo "1979"]
[PlyCount "120"]
[EventDate "2018.10.07"]
[EventType "team-tourn"]
[EventRounds "11"]
[EventCountry "SVK"]
[SourceTitle "EXT 2020"]
[Source "ChessBase"]
[SourceDate "2019.10.17"]
[SourceVersion "1"]
[SourceVersionDate "2019.10.17"]
[SourceQuality "1"]
[WhiteTeam "Holic"]
[BlackTeam "Dunajska Streda II"]
[WhiteTeamCountry "SVK"]
[BlackTeamCountry "SVK"]

1. e4 e6 2. d4 d5 3. exd5 exd5 4. Bd3 c5 5. Qe2+ Be7 6. dxc5 Nf6 7. Nf3 0-0 8. 0-0 Bxc5 9. c3 Bg4 10. h3 Re8 11. Qd1 Bh5 12. Bg5 Nc6 13. Nbd2 Ne5 14. Be2 Qd6 15. Bxf6 Qxf6 16. Nxe5 Bxe2 17. Qxe2 Rxe5 18. Qd3 Rf5 19. Nf3 g5 20. Rae1 h5 21. Nd4 Bxd4 22. Qxd4 Qxd4 23. cxd4 Kf8 24. Rc1 Rf4 25. Rfd1 Re8 26. g3 Rf5 27. Rd2 h4 28. Rc7 hxg3 29. fxg3 Re3 30. Kh2 Rff3 31. Rg2 f5 32. Rxb7 f4 33. Rc2 Rxg3 34. Rc8+ Re8 35. Rxe8+ Kxe8 36. Rb5 g4 37. hxg4 Rxg4 38. Rxd5 f3 39. Rb5 Rxd4 40. Kg3 Rd2 41. Kxf3 Kd8 42. Ke3 Rh2 43. Kd4 Kc7 44. a3 Kc6 45. Rc5+ Kb6 46. b4 Rh4+ 47. Kc3 Rh3+ 48. Kb2 Rh2+ 49. Kb3 Rh3+ 50. Ka4 Rg3 51. Rh5 a6 52. Rh6+ Kb7 53. Rh2 Kb6 54. Rb2 Rh3 55. Rb3 Rh1 56. Rg3 Rh5 57. Kb3 a5 58. Ka4 axb4 59. Rg6+ Kb7 60. axb4 Rf5 1/2-1/2

[Event "SVK-chT5 SE-SI 1819"]
[Site "Slovakia"]
[Date "2019.01.26"]
[Round "6.1"]
[White "Jakubec, Milan"]
[Black "Svrcek, Daniel"]
[Result "1-0"]
[WhiteElo "2007"]
[BlackElo "1321"]
[PlyCount "101"]
[EventDate "2018.10.20"]
[EventType "team-tourn"]
[EventRounds "10"]
[EventCountry "SVK"]
[SourceTitle "CBM 189 Extra"]
[Source "ChessBase"]
[SourceDate "2019.05.31"]
[SourceVersion "1"]
[SourceVersionDate "2019.05.31"]
[SourceQuality "1"]
[WhiteTeam "Myjava Spartak"]
[BlackTeam "Holic III"]
[WhiteTeamCountry "SVK"]
[BlackTeamCountry "SVK"]

1. e4 e6 2. d4 d5 3. exd5 exd5 4. Bd3 Nf6 5. Nf3 Bd6 6. Qe2+ Be7 7. 0-0 0-0 8. Re1 Re8 9. Bg5 Nbd7 10. Qd2 b6 11. Nc3 Bb7 12. Ne5 c6 13. Re2 Nxe5 14. Rxe5 Nd7 15. Bxe7 Rxe7 16. Rxe7 Qxe7 17. Re1 Qd6 18. Qe3 Nf6 19. Qe7 Qxe7 20. Rxe7 Rb8 21. b4 b5 22. f4 Kf8 23. Re5 Re8 24. h3 h6 25. g4 Rxe5 26. fxe5 Nd7 27. a4 a6 28. a5 Ke7 29. Bf5 Nf8 30. Ne2 g6 31. Bd3 Ne6 32. Kf2 Bc8 33. c3 Bd7 34. h4 Ng7 35. Kf3 h5 36. gxh5 Nxh5 37. Nf4 Nxf4 38. Kxf4 Be6 39. Be2 Kf8 40. Kg5 Kg7 41. h5 gxh5 42. Bxh5 Bd7 43. Be2 Bc8 44. Bd3 Bd7 45. Bf5 Be6 46. Kg4 Kg8 47. Kg5 Kg7 48. Bg4 Bxg4 49. Kxg4 Kh6 50. Kf5 Kg7 51. e6 1-0

[Event "SVK-chT5 SE-SI 1819"]
[Site "Slovakia"]
[Date "2019.01.12"]
[Round "5.1"]
[White "Brunovsky, Peter"]
[Black "Jakubec, Milan"]
[Result "1/2-1/2"]
[WhiteElo "1863"]
[BlackElo "2007"]
[PlyCount "54"]
[EventDate "2018.10.20"]
[EventType "team-tourn"]
[EventRounds "10"]
[EventCountry "SVK"]
[SourceTitle "CBM 189 Extra"]
[Source "ChessBase"]
[SourceDate "2019.05.31"]
[SourceVersion "1"]
[SourceVersionDate "2019.05.31"]
[SourceQuality "1"]
[WhiteTeam "Gbely Nafta IV"]
[BlackTeam "Myjava Spartak"]
[WhiteTeamCountry "SVK"]
[BlackTeamCountry "SVK"]

1. c4 e6 2. g3 d5 3. Bg2 Nf6 4. Nf3 Be7 5. 0-0 0-0 6. b3 c5 7. Bb2 dxc4 8. bxc4 Qb6 9. Qb3 Nc6 10. d3 Qc7 11. Nbd2 e5 12. e3 Rb8 13. Qc3 Bd6 14. Ng5 h6 15. Nge4 Be7 16. Nxf6+ Bxf6 17. Ne4 Be7 18. Qb3 Be6 19. Nc3 a6 20. Nd5 Bxd5 21. cxd5 Nd8 22. Qc3 f6 23. Rac1 b5 24. d4 exd4 25. Qxd4 c4 26. Qg4 Bd6 27. Be4 g5 1/2-1/2

[Event "SVK-chT5 SE-SI 1819"]
[Site "Slovakia"]
[Date "2018.10.20"]
[Round "1.1"]
[White "Jakubec, Milan"]
[Black "Harasta, Marian"]
[Result "1-0"]
[WhiteElo "2007"]
[BlackElo "1653"]
[PlyCount "59"]
[EventDate "2018.10.20"]
[EventType "team-tourn"]
[EventRounds "10"]
[EventCountry "SVK"]
[SourceTitle "CBM 189 Extra"]
[Source "ChessBase"]
[SourceDate "2019.05.31"]
[SourceVersion "1"]
[SourceVersionDate "2019.05.31"]
[SourceQuality "1"]
[WhiteTeam "Myjava Spartak"]
[BlackTeam "Skalica IV"]
[WhiteTeamCountry "SVK"]
[BlackTeamCountry "SVK"]

1. e4 c5 2. Nf3 Nc6 3. d4 cxd4 4. Nxd4 e5 5. Nxc6 dxc6 6. Qxd8+ Kxd8 7. Bc4 f6 8. Be3 Bb4+ 9. c3 Ba5 10. a4 Ne7 11. b4 Bb6 12. Bd2 a5 13. Bb3 Bg4 14. f3 Bd7 15. Na3 c5 16. Nc4 Kc7 17. Nxb6 Kxb6 18. Be3 Nc6 19. Bxc5+ Kc7 20. b5 Nd8 21. 0-0-0 Ne6 22. Bd6+ Kc8 23. Rd2 b6 24. Rhd1 Ra7 25. Ba3 Rc7 26. Kb2 h5 27. Rxd7 Rxd7 28. Bxe6 Rhd8 29. Rxd7 Rxd7 30. Bf8 1-0

[Event "SVK-chT3A2 1718"]
[Site "Slovakia"]
[Date "2018.02.18"]
[Round "9.1"]
[White "Stanec, Stanislav"]
[Black "Jakubec, Milan"]
[Result "1/2-1/2"]
[WhiteElo "2046"]
[BlackElo "2079"]
[PlyCount "101"]
[EventDate "2017.10.08"]
[EventType "team-tourn"]
[EventRounds "11"]
[EventCountry "SVK"]
[SourceTitle "EXT 2020"]
[Source "ChessBase"]
[SourceDate "2019.10.17"]
[SourceVersion "1"]
[SourceVersionDate "2019.10.17"]
[SourceQuality "1"]
[WhiteTeam "Skalica"]
[BlackTeam "Holic"]
[WhiteTeamCountry "SVK"]
[BlackTeamCountry "SVK"]

1. d4 d5 2. Nf3 Nf6 3. e3 e6 4. Bd3 Bd6 5. Nbd2 0-0 6. 0-0 Nbd7 7. e4 dxe4 8. Nxe4 Nxe4 9. Bxe4 h6 10. c3 Nf6 11. Bc2 b6 12. Re1 Bb7 13. Ne5 Re8 14. h3 c5 15. Ba4 Re7 16. Nc6 Bxc6 17. Bxc6 Rc8 18. Bf3 Rd7 19. Qa4 cxd4 20. cxd4 Bb8 21. Be3 Nd5 22. Bxd5 Rxd5 23. Rec1 b5 24. Qa6 Rxc1+ 25. Rxc1 Qd6 26. Qxd6 Bxd6 27. g3 e5 28. dxe5 Bxe5 29. b3 a5 30. Rc8+ Kh7 31. Ra8 Bc3 32. Rc8 Bb4 33. Kg2 f5 34. Kf3 g5 35. Rc6 Bd2 36. Rc5 Rxc5 37. Bxc5 Kg6 38. Ke2 Bc3 39. Kd3 Be1 40. g4 fxg4 41. hxg4 h5 42. gxh5+ Kxh5 43. Ke4 g4 44. Ke3 Kh4 45. Ke2 Bc3 46. Kd3 Ba1 47. a4 bxa4 48. bxa4 Kh3 49. Bb6 Kg2 50. Ke2 Bc3 51. Ba7 1/2-1/2